Establishing a Disclosure Framework for Corporate Digital Responsibility (CDR): Toward Transparency, Standardization, and Sustainability

Salvato in:
Dettagli Bibliografici
Autore principale: Bednárová, Michaela, 1987-
Altri autori: Bonsón, Enrique
Natura: Capitolo di libro
Lingua:inglese
Soggetti:
Tags: Aggiungi Tag
Nessun Tag, puoi essere il primo ad aggiungerne!!

MARC

LEADER 00000naa$a2200000$$$4500
001 0305540
005 20250127093515.2
041 0 |a eng 
044 |a SK 
245 1 0 |a Establishing a Disclosure Framework for Corporate Digital Responsibility (CDR): Toward Transparency, Standardization, and Sustainability  |c Michaela Bednárová, Enrique Bonsón 
500 |a Abstrakt 
610 2 0 |a transparentnosť 
610 2 0 |a udržateľnosť 
610 2 0 |a digitalizácia 
100 1 |a Bednárová, Michaela, 1987- 
700 1 |a Bonsón, Enrique